| 000 | 00627cab a2200205 4500 | ||
|---|---|---|---|
| 001 | WB3205-57 | ||
| 008 | 090401t1996 xxu||||| |||| 00| 0 eng d | ||
| 035 | _a(Sirsi) u14389 | ||
| 041 | _aeng | ||
| 245 | _aRICS and VO form consultative mechanism | ||
| 260 | _c1996 | ||
| 350 | _a0 | ||
| 490 |
_aRICS Press Release _v(PR5.changes) 26 January 1996, (3) |
||
| 520 | _aThe RICS and the Valuation Office Agency have agreed to discuss changes in the VO`s organisational structure. | ||
| 650 | _aNEXT STEPS AGENCY | ||
| 650 | _aVALUATION OFFICE AGENCY | ||
| 690 | _aRATING AND VALUATION | ||
| 942 | _n0 | ||
| 948 | _c04/03/1997 | ||
| 999 |
_c9370 _d9370 |
||